000 01136nam a22002537a 4500
005 20170124103131.0
010 _aB-170219
020 _c400.00
_a8174531181
035 _aB-170219
037 _bCen Lib/Ret
040 _aDPL
_bHN
082 _a781.264
_bकौशल
100 _aकौशल, प्रियंका
_984263
245 _aसंधि प्रकाश राग /
_cप्रियंका कौशल
246 _aSandhi prakash raag /
_bby Priyanka Kaushal
260 _aनयी दिल्ली
_bसंजय प्रकाशन
_c2004
270 _bनयी दिल्ली
_a4378/4 बी, 209 जे.एम.डी. हौसेर मुरारी लाल गली अंसारी रोड, दरियागंज
_e110002
300 _axi,196पृ.
_c20सेमी(सजिल्द )
650 _aहिंदुस्तानी संगीत - सिद्धांत
_x
_z
_984264
650 _aराग
_984265
650 _aHindustani music -- Theory.
_984266
650 _aRaag
_984267
942 _2ddc
_cHN
_h781.264
_mकौशल
999 _c119302
_d119302